| 000 | 00770nam a22001937a 4500 | ||
|---|---|---|---|
| 999 |
_c19444 _d19444 |
||
| 003 | AR-CdUCM | ||
| 008 | 190517b ||||| |||| 00| 0 spa d | ||
| 040 |
_aMUNICIPALIDAD PROVINCIAL DEL CUSCO _cBIBLIOTECA MUNICIPAL DEL CUSCO |
||
| 082 |
_a352.865 / _bO54 |
||
| 245 | _aOficina nacional de racionalización y capacitación de la administración publica / | ||
| 260 |
_aLima : _bONRAP, _c1968. |
||
| 300 |
_a255 paginas ; _c28 cm. |
||
| 505 | _aContenido :Estudio sobre la organización y funciones --Estudio sobre el sistema del personal --Estudio sobre el sistema presupuestario ... | ||
| 650 |
_aPresupuesto _93446 |
||
| 650 |
_aAdministración publica _99245 |
||
| 710 |
_aConsejo provincial del Cusco _940770 |
||
| 942 |
_2ddc _cLIBROS |
||
| 945 |
_arjall _d2019-05-17 |
||